Statistiques concernant Culture Générale - Série 982

Cliquez ici pour prendre le quiz!

Statistiques générales

  • Ce quiz a été pris 84 fois
  • Le résultat moyen est 5 sur 10

Statistiques - réponses

QuestionRéponse% Correct
Étymologiquement, un animal "frugivore" se nourrit de...fruits
95%
Quel nom porte la sauce faite de piments rouges et d'huile, qui accompagne traditionnellement le couscous ?harissa
82%
En 1964, quel archipel de la Méditerranée, au sud de la Sicile et ancienne colonie britannique, accède à l'indépendance ?Malte
78%
Quel mime créa le personnage de Bip ?Marcel Marceau
63%
De quelle dynastie la Restauration marque-t-elle le retour au pouvoir ?Bourbons
58%
Quand on jette des regards langoureux et ridicules, on dit qu'on fait "des yeux de...merlan frit
41%
Quand un rôle est donné à un comédien et qu'il ne correspond ni à son physique ni à son tempérament, on dit que l'acteur est utilisé à contre-...emploi
39%
Comment est "L'Homme", dans le roman d'anticipation de H. G. Wells, publié en 1897 ?invisible
32%
Qui a succédé à Aimé Jacquet en tant que sélectionneur de l'équipe de France de football, après la Coupe du monde 1998 ?Roger Lemerre
25%
A quelle chanteuse britannique des années 80, doit-on le tube "Cambodia" ?Kim Wilde
18%

Distribution des résultats

Percentile par nombre de réponses

% des personnes avec chaque résultat

Votre développement - résultats

Vous n’avez pas pris ce quiz